Dôsledky a opatrenia vyplývajúce z poslednej celosvetovej finančnej krízy bakalárska práca

Enregistré dans:
Détails bibliographiques
Auteur principal: Sieber, Jakub, 1992-
Collectivité auteur: Podnikovohospodárska fakulta EU so sídlom v Košiciach. Katedra ekonómie
Autres auteurs: Lacko, Roman, 1988-
Format: Livre
Langue:slovaque
Publié: Košice 2018
Tags: Ajouter un tag
Pas de tags, Soyez le premier à ajouter un tag!

MARC

LEADER 00000nbm a2200000 4500
001 0245746
005 20240827092110.7
041 0 |a slo 
044 |a SK 
245 1 0 |a Dôsledky a opatrenia vyplývajúce z poslednej celosvetovej finančnej krízy  |b bakalárska práca  |c Jakub Sieber ; školiteľ: Roman Lacko 
264 1 |a Košice  |c 2018 
300 |a 56 s. 
100 1 |a Sieber, Jakub, 1992- 
700 1 |a Lacko, Roman, 1988- 
710 2 |a Podnikovohospodárska fakulta EU so sídlom v Košiciach. Katedra ekonómie